| 000 | 00617nam a2200193Ia 4500 | ||
|---|---|---|---|
| 005 | 20250508160212.0 | ||
| 008 | 008 250505s9999 xx 000 0 eng d | ||
| 037 | _aBooks to be hide in OPAC | ||
| 040 |
_aFEDL _beng _cFEDL |
||
| 041 |
_aeng _2eng |
||
| 084 |
_a370.193, FOG/O _qFEDL |
||
| 100 |
_aFoght H W _9757143 |
||
| 245 | 0 | _aRural school system of minnesota : A study in school efficiency | |
| 245 | 0 | _cUnited States Bureau of Education | |
| 260 |
_aWashington, USA _bU.S. Government Printing Office _c1915 |
||
| 300 | _a56p. | ||
| 942 |
_cHB _h370.193, FOG/O |
||
| 999 |
_c1362622 _d1362622 |
||